Responses for show #6351 - Monday, April 9, 2012

Contestants

Anne Raybon, a teacher's assistant and school bus driver from Asheville, North Carolina

Doug Lloyd, a law student from Charlton, Massachusetts

Bing Huo, a mechanical engineer from Sunnyvale, California (whose 1-day cash winnings total $15,801)

Jeopardy! Round responses

ANAGRAMMED EUROPE
HOBBITS' OTHER ROLES
TRANSPORTATION
THE 20th FIRST ANNUAL IG NOBEL PRIZE
PAUL REVERE
THE "BRITISH" ARE COMING
    $200 5
Oslo

Bing
    $200 1
Rudy

Bing
    $200 16
Heathrow

Anne
    $200 21
beards

Anne
    $200 26
the Boston Tea Party

Bing
    $200 9
the British Open

Anne
    $400 7
(Bing: Ooh.)
(Alex: "Ooh," indeed.)

Rome

Bing
Triple Stumper
    $400 2
Lost

Anne
    $400 17
a snowmobile

Doug
    $400 22
cursing

Anne
    $3,000 27
silver

Bing
    $400 10
(Doug: What is the British Wave?)

the British Invasion

BingDoug
    $600 8
the Rhone

Triple Stumper
    $600 3
Master and Commander

Triple Stumper
    $600 18
Saturn

Doug
    $600 23
asthma

Bing
    $600 28
1775

Anne
    $600 13
British Columbia

Anne
    $800 11
Serbia

Doug
    $800 4
(Bing: What is Blade Runner?)
(Anne: What is Escape from New York?)

Alien

BingAnne
Triple Stumper
    $800 19
a rickshaw

Bing
    $800 24
a helicopter

Bing
    $800 29
Maine

Doug
    $800 14
British thermal units

Doug
    $1000 12
Crete

Doug
    $1000 6
Sin City

Doug
    $1000 20
a surrey

Anne
    $1000 25
socks

Anne
    $1000 30
a Huguenot

Anne
    $1000 15
the British Virgin Islands

Bing

Scores at the first commercial break (after clue 15):

Bing Doug Anne
$600 $3,200 $400

Scores at the end of the Jeopardy! Round:

Bing Doug Anne
$6,000 $5,000 $4,800

Double Jeopardy! Round responses

AROUND THE LITERARY WORLD
BEGINS & ENDS WITH A VOWEL
MATH FORMULAS
SAN FRANCISCO ATTRACTIONS
BUSINESS LETTERS
I'M GONNA HURL
    $400 22
the Robinson family

Anne
    $400 6
ukulele

Bing
    $400 11
volume

Doug
    $400 1
(Doug: What's the Wharf?)
(Alex: Be more specific.)
(Doug: Uh, the San Francisco Wharf?)

Fisherman's Wharf

BingDoug
    $400 17
American Telephone & Telegraph

Doug
    $400 16
(Bing: Who are the Tigers?)

the Philadelphia Phillies

Bing
Triple Stumper
    $800 23
Amy Tan

Anne
    $800 7
Inferno

Anne
    $800 12
angles

Bing
    $800 2
the Golden Gate Bridge

Bing
    $800 18
(Bing: What are flowers?--[*]?)

Florists

Bing
    $800 27
(Andrew) Luck

Bing
    $1200 24
(Anne: What is Ireland?)
(Bing: What is Scotland?)

Wales

BingDougAnne
    $1200 8
an emu

Doug
    $1200 13
area

Bing
    $1200 3
Candlestick Park

Bing
    $1200 19
Microsoft Network

Bing
    $1200 28
(Ane: What is discus?)

a hammer (throw)

DougAnne
    $1600 25
El Cid

Anne
    $1600 9
an antidote

Anne
    $1600 14
distance

Doug
    $4,000 4
Haight-Ashbury

Bing
    $1600 20
convenience

Doug
    $1600 29
javelin

Anne
    $2000 26
Charles Baudelaire

Triple Stumper
    $2000 10
an archipelago

Bing
    $2000 15
the perimeter

Doug
    $2000 5
Lombard Street

Doug
    $2000 21
General Nutrition

Anne
    $6,000 30
a caber

Anne

Scores at the end of the Double Jeopardy! Round:

Bing Doug Anne
$18,000 $16,200 $17,200

[wagering suggestions for these scores]

Final Jeopardy! Round responses

THE HOLLYWOOD WALK OF FAME
(Alex: The star was dedicated on September 7th of last year, he would have been 75 years old, and he was portrayed on film by Gary Busey. That's why Gary was there.)
DougWho is Valens?
$3,800
AnneWho Ice T
$16,201
BingWho was Sinatra?
$16,401
Buddy Holly

Final scores:

Bing Doug Anne
$1,599 $12,400 $999
2nd place: $2,000 New champion: $12,400 3rd place: $1,000

Game dynamics:

Coryat scores:

Bing Doug Anne
$13,000 $16,200 $13,200
20 R
(including 2 DDs),
4 W
16 R,
2 W
18 R
(including 1 DD),
3 W

Combined Coryat: $42,400

The J! Archive is created by fans, for fans. The Jeopardy! game show and all elements thereof, including but not limited to copyright and trademark thereto, are the property of Jeopardy Productions, Inc. and are protected under law. This website is not affiliated with, sponsored by, or operated by Jeopardy Productions, Inc. Join the discussion at JBoard.tv.